Zoológico Colombia (Record no. 26548)

MARC details
000 -LEADER
campo de control de longitud fija 01632cac a2200289 a 4500
003 - IDENTIFICADOR DE NÚMERO DE CONTROL
campo de control Co-PeBPM
005 - FECHA Y HORA DE LA ÚLTIMA TRANSACCIÓN
campo de control 20240828195705.0
007 - CAMPO FIJO DE DESCRIPCIÓN FÍSICA--INFORMACIÓN GENERAL
campo de control de longitud fija ta
008 - DATOS DE LONGITUD FIJA--INFORMACIÓN GENERAL
campo de control de longitud fija 231129s2008||||xx |||||||||||||| ||spa||
020 ## - NÚMERO INTERNACIONAL ESTÁNDAR DEL LIBRO
Número Internacional Estándar del Libro 9789584510402
040 ## - FUENTE DE CATALOGACIÓN
Centro catalogador/agencia de origen Co-PeBPM
Lengua de catalogación spa
Centro/agencia transcriptor Co-PeBPM
Normas de descripción rda
082 04 - NÚMERO DE LA CLASIFICACIÓN DECIMAL DEWEY
Número de clasificación 070.44 C346z
Número de edición 22
100 ## - ENTRADA PRINCIPAL--NOMBRE DE PERSONA
Nombre de persona Castaño, José Alejandro
Término indicativo de función/relación autor
245 #0 - MENCIÓN DEL TÍTULO
Título Zoológico Colombia
Resto del título : Crónicas sorprendentes de nuestro paí­s
Mención de responsabilidad, etc. / José Alejandro Castaño
260 ## - PUBLICACIÓN, DISTRIBUCIÓN, ETC.
Lugar de publicación, distribución, etc. Bogotá, Colombia
Nombre del editor, distribuidor, etc. : Grupo Editorial Norma,
Fecha de publicación, distribución, etc. 2008
264 ## - PRODUCCIÓN, PUBLICACIÓN, DISTRIBUCIÓN, FABRICACIÓN Y COPYRIGHT
Producción, publicación, distribución, fabricación y copyright Norma
300 ## - DESCRIPCIÓN FÍSICA
Extensión 180 páginas
Otras características físicas ilustraciones en blanco y negro
Dimensiones 23 centímetros
490 ## - MENCIÓN DE SERIE
Mención de serie Historias no contadas
500 ## - NOTA GENERAL
Nota general Incluye índice
500 ## - NOTA GENERAL
Nota general Contiene datos biográficos del autor en la solapa del texto
520 ## - RESUMEN, ETC.
Sumario, etc. José Alejandro Castaño ha convivido con narcotraficantes y sicarios, traquetos, presidiarios, paracos, modelitos y reinas de belleza. Sin soltar su libreta de apuntes ha escuchado sus historias y observado sus manías más íntimas; también ha descubierto a sus mascotas y a las fieras que con frecuencia los acompañan. En estas crónicas se descubre una Colombia absurda, insólita y macabra, pero también divertida. ZOOLÓGICO COLOMBIA es una suerte de safari valeroso que, al leerlo, nos acerca a las fauces de un país desconocido.
650 14 - PUNTO DE ACCESO ADICIONAL DE MATERIA--TÉRMINO DE MATERIA
Término de materia o nombre geográfico como elemento de entrada Crónicas periodísticas
Fuente del encabezamiento o término Lemb
Subdivisión geográfica Colombia
650 14 - PUNTO DE ACCESO ADICIONAL DE MATERIA--TÉRMINO DE MATERIA
Término de materia o nombre geográfico como elemento de entrada Narcotraficantes colombianos
Fuente del encabezamiento o término Lemb
650 14 - PUNTO DE ACCESO ADICIONAL DE MATERIA--TÉRMINO DE MATERIA
Término de materia o nombre geográfico como elemento de entrada Narcotráfico
Fuente del encabezamiento o término Lemb
Subdivisión geográfica Colombia
942 ## - ELEMENTOS DE ENTRADA SECUNDARIOS (KOHA)
Fuente del sistema de clasificación o colocación Clasificación Decimal Dewey
Tipo de ítem Koha Libros
Holdings
Estatus retirado Estado de pérdida Fuente del sistema de clasificación o colocación Estado de daño No para préstamo Biblioteca de origen Biblioteca actual Fecha de adquisición Fuente de adquisición Total de préstamos Signatura topográfica completa Código de barras Visto por última vez Copia número Precio de reemplazo Tipo de ítem Koha
    Clasificación Decimal Dewey     BIBLIOTECA PÚBLICA MUNICIPAL RAMON CORREA MEJIA BIBLIOTECA PÚBLICA MUNICIPAL RAMON CORREA MEJIA 02/12/2010 Donación   070.44 C346z 04445 29/11/2023 Ej.1 29/11/2023 Libros

Powered by Koha